Pour la Couronne (Record no. 110538)

MARC details
000 -LEADER
campo de control de longitud fija 00555nam a2200181 i 4500
001 - NÚMERO DE CONTROL
campo de control 110538
003 - IDENTIFICADOR DE NÚMERO DE CONTROL
campo de control ES-MaACL
005 - FECHA Y HORA DE LA ÚLTIMA TRANSACCIÓN
campo de control 20230906185058.0
007 - CAMPO FIJO DE DESCRIPCIÓN FÍSICA--INFORMACIÓN GENERAL
campo de control de longitud fija t|
008 - DATOS DE LONGITUD FIJA--INFORMACIÓN GENERAL
campo de control de longitud fija 070130s1895 fr ||||1| fre d
080 ## - NÚMERO DE LA CLASIFICACIÓN DECIMAL UNIVERSAL
Número de la Clasificación Decimal Universal 821.133.1-2"18"
100 1# - ENTRADA PRINCIPAL--NOMBRE DE PERSONA
Nombre de persona Coppée, François.
9 (RLIN) 40420
245 10 - MENCIÓN DEL TÍTULO
Título Pour la Couronne
Resto del título : drame en cinq actes, en vers /
Mención de responsabilidad, etc. François Coppée.
260 ## - PUBLICACIÓN, DISTRIBUCIÓN, ETC.
Lugar de publicación, distribución, etc. Paris :
Nombre del editor, distribuidor, etc. Librairie Alphonse Lemerre,
Fecha de publicación, distribución, etc. [1895?]
300 ## - DESCRIPCIÓN FÍSICA
Extensión 119 p. ;
Dimensiones 19 cm.
500 ## - NOTA GENERAL
Nota general Biblioteca Jacinto Martínez Lacalle.
852 ## - LOCALIZACIÓN
Ubicación ES-MaACL
Número de control de estantería E-11568
Sublocalización o colección R.139584
Holdings
Estatus retirado Estado de pérdida Estado de daño No para préstamo Colección Biblioteca de origen Biblioteca actual Ubicación en estantería Fecha de adquisición Fuente de adquisición Total de préstamos Signatura topográfica completa Código de barras Visto por última vez Precio de reemplazo Tipo de ítem Koha
        Libros del s. XIX Biblioteca del Ateneo de Madrid Biblioteca del Ateneo de Madrid Depósito 2 17/01/2008     E-11568 1115332 23/02/2023 23/02/2023 Libro impreso antiguo